Statistiques concernant Discipline des champions olympiques disparus

Cliquez ici pour prendre le quiz!

Statistiques générales

  • Ce quiz a été pris 8 fois
  • Le résultat moyen est 89 sur 187

Statistiques - réponses

SportifMort enDiscipline% Correct
75 ParisPaul Fritsch1970Boxe
100%
52 Haute-MarneRoger Michelot1993Boxe
100%
75 ParisJean Despeaux1989Boxe
100%
87 Haute-VienneJoseph Guillemot1975Athlétisme
83%
62 Pas-de-CalaisMicheline Ostermeyer2001Athlétisme
83%
17 Charente-MaritimeColette Besson2005Athlétisme
83%
59 NordCharles Devendeville1914Natation
83%
06 Alpes-MaritimesCamille Muffat2015Natation
83%
13 Bouches-du-RhôneJean Boiteux2010Natation
83%
75 ParisHenri Oreiller1962Ski alpin
83%
TunisieJean Vuarnet2017Ski alpin
83%
02 AisneFrançois Bonlieu1973Ski alpin
83%
75 ParisAdrien Rommel1963Escrime
67%
02 AisneMarcel Desprets1973Escrime
67%
62 Pas-de-CalaisJacques Dimont1994Escrime
67%
10 AubeRené Bondoux2001Escrime
67%
75 ParisGaston Alibert1917Escrime
67%
83 VarBernard Gravier1923Escrime
67%
30 GardJacques Lataste2011Escrime
67%
75 ParisCharles Collignon1945Escrime
67%
17 Charente-MaritimeGuy de Luget1961Escrime
67%
75 ParisArmand Massard1971Escrime
67%
75 ParisHenri Guérin1967Escrime
67%
88 VosgesEdward Gardère1997Escrime
67%
75 ParisClaude Netter2007Escrime
67%
45 LoiretBernard Schmetz1956Escrime
67%
33 GirondeAndré Labatut1977Escrime
67%
75 ParisJacques Noël2004Escrime
67%
75 ParisLucien Mérignac1941Escrime
67%
54 Meurthe-et-MoselleRené Lemoine1995Escrime
67%
75 ParisEugène Olivier1964Escrime
67%
76 Seine-MaritimeGeorges Buchard1987Escrime
67%
10 AubeLionel Liottel1968Escrime
67%
44 Loire-AtlantiqueJoseph Perotaux1967Escrime
67%
33 GirondeJéhan de Buhan1999Escrime
67%
75 ParisRoger Ducret1962Escrime
67%
60 OiseGeorges Tainturier1943Escrime
67%
75 ParisMaurice Huet1991Escrime
67%
02 AisneJean Piot1961Escrime
67%
75 ParisAlexandre Lippmann1960Escrime
67%
50 MancheAndré Bonin1998Escrime
67%
88 VosgesHenri Lepage1996Escrime
67%
89 YonneHenri Jobier1930Escrime
67%
75 ParisJean Stern1962Escrime
67%
60 OiseChristine Muzio2018Escrime
67%
75 ParisJacques Coutrot1965Escrime
67%
66 Pyrénées-OrientalesChristian Jonquère d'Oriola2007Escrime
67%
36 IndreDaniel Revenu2024Escrime
67%
34 HéraultRené Bougnol1956Escrime
67%
75 ParisEugène-Henri Gravelotte1939Escrime
67%
75 ParisÉdouard Artigas2001Escrime
67%
83 VarÉmile Coste1927Escrime
67%
35 Ille-et-VilainePhilippe Cattiau1962Escrime
67%
22 Côte-d'ArmorMichel Pécheux1985Escrime
67%
61 OrneFernand Jourdant1956Escrime
67%
33 GirondeHerman Georges Berger1924Escrime
67%
85 VendéeGeorges de La Falaise1910Escrime
67%
75 ParisAlbert Ayat1935Escrime
67%
62 Pas-de-CalaisLucien Gaudin1934Escrime
67%
75 ParisAndré Gobert1951Tennis
67%
75 ParisSuzanne Lenglen1938Tennis
67%
03 AllierMaurice Germot1958Tennis
67%
64 Pyrénées-AtlantiquesMarguerite Broquedis1983Tennis
67%
75 ParisMax Decugis1978Tennis
67%
75 ParisJean Goujon1991Cyclisme
50%
09 AriègeJacques Dupont2019Cyclisme
50%
62 Pas-de-CalaisJosé Beyaert1948Cyclisme
50%
75 ParisMarcel Gobillot1981Cyclisme
50%
52 Haute-MarneLouis Chaillot1998Cyclisme
50%
75 ParisJean Cugnot1933Cyclisme
50%
93 Seine-Saint-DenisLucien Michard1985Cyclisme
50%
75 ParisMichel Rousseau2016Cyclisme
50%
49 Maine-et-LoireAndré Auffray1953Cyclisme
50%
64 Pyrénées-AtlantiquesArnaud Geyre2018Cyclisme
50%
03 AllierArmand Blanchonnet1968Cyclisme
50%
54 Meurthe-et-MoselleGeorges Wambst1988Cyclisme
50%
75 ParisMaurice Perrin1992Cyclisme
50%
92 Hauts-de-SeineRoger Beaufrand2007Cyclisme
50%
95 Val d'OiseRobert Dorgebray2005Cyclisme
50%
92 Hauts-de-SeineMaurice Schilles1957Cyclisme
50%
BiélorussieRené Hamel1992Cyclisme
50%
75 ParisLéon Flameng1917Cyclisme
50%
13 Bouches-du-RhôneFernand Decanali2017Cyclisme
50%
75 ParisPierre Adam2012Cyclisme
50%
51 MarneMaurice Moucheraud2020Cyclisme
50%
40 LandesGuy Lapébie2010Cyclisme
50%
92 Hauts-de-SeineLucien Choury1987Cyclisme
50%
75 ParisSerge Blusson1994Cyclisme
50%
72 SartheAchille Souchard1976Cyclisme
50%
AlgériePaul Masson1944Cyclisme
50%
75 ParisGeorges Detreille1957Cyclisme
50%
75 ParisAlbert Taillandier1945Cyclisme
50%
78 YvelinesRobert Charpentier1966Cyclisme
50%
93 Seine-Saint-DenisFernand Canteloube1976Cyclisme
50%
75 ParisRoger Le Nizerhy1999Cyclisme
50%
75 ParisLouis Bastien1963Cyclisme
50%
91 EssonneMichel Roche2004Equitation
50%
72 SartheAndré Jousseaume1960Equitation
50%
92 Hauts-de-SeineMaurice Buret2003Equitation
50%
91 EssonneHubert Parot2015Equitation
50%
28 Eure-et-LoirBernard Chevallier1997Equitation
50%
66 Pyrénées-OrientalesPierre Jonquères d'Oriola2011Equitation
50%
77 Seine-et-MarneXavier Lesage1968Equitation
50%
78 YvelinesCharles Marion1944Equitation
50%
IsraëlAlfred Gardères1925Equitation
50%
78 YvelinesJean Saint-Fort-Paillard1990Equitation
50%
29 FinistèreJacques Cariou1931Equitation
50%
75 ParisJean-Jacques Guyon2017Equitation
50%
75 ParisRené Duverger1983Haltérophilie
50%
75 ParisRaymond Suvigny1945Haltérophilie
50%
78 YvelinesCharles Rigoulot1962Haltérophilie
50%
59 NordEdmond Decottignies1963Haltérophilie
50%
75 ParisHenri Gance1953Haltérophilie
50%
42 LoireLouis Hostin1998Haltérophilie
50%
26 DrômeRoger François1949Haltérophilie
50%
93 Seine-Saint-DenisErnest Cadine1978Haltérophilie
50%
87 Haute-VienneHenri Deglane1975Lutte
50%
22 Côte-d'ArmorÉmile Poilvé1962Lutte
50%
59 NordCharles Pacôme1978Lutte
50%
LuxembourgMichel Théato1923Marathon
50%
AlgérieBoughéra El Ouafi1959Marathon
50%
AlgérieAlain Mimoun2013Marathon
50%
59 NordEmile Delchambre1958Aviron
33%
59 NordHenri Hazebrouck1948Aviron
33%
75 ParisRaymond Salles1996Aviron
33%
59 NordJean Cau1921Aviron
33%
59 NordHenri Bouckaert1912Aviron
33%
75 ParisGaston Mercier1974Aviron
33%
75 ParisBernard Malivoire1982Aviron
33%
SuisseHermann Barrelet1964Aviron
33%
59 NordGustave Sandras1951Gymnastique
33%
38 IsèreAlbert Séguin1948Gymnastique
33%
80 SommePierre Brunet1991Patinage artistique
33%
75 ParisAndrée Joly1993Patinage artistique
33%
69 RhônePierre Quinon2011Saut à la perche
33%
74 Haute-SavoieKarine Ruby2009Snowboard
33%
08 ArdennesAchille Paroche1933Tir
33%
75 ParisPaul Colas1956Tir
33%
75 ParisRoger de Barbarin1925Tir
33%
59 NordPierre Coquelin de Lisle1980Tir
33%
BelgiqueÉmile Grumiaux1932Tir à l'arc
33%
70 Haute-SaôneEugène Grisot1936Tir à l'arc
33%
60 OiseJulien Brulé1928Tir à l'arc
33%
75 ParisEugène Mougin1924Tir à l'arc
33%
77 Seine-et-MarneHenri Hérouin1926Tir à l'arc
33%
44 Loire-AtlantiqueJacques Thubé1969Voile
33%
29 FinistèreAndré Derrien1994Voile
33%
29 FinistèreCarl de la Sablière1979Voile
33%
76 Seine-MaritimeAndré Lesauvage1971Voile
33%
78 YvelinesVirginie Hériot1932Voile
33%
59 NordÉmile Sacré1933Voile
33%
44 Loire-AtlantiqueGaston Thubé1974Voile
33%
86 ViennePierre Gervais1930Voile
33%
76 Seine-MaritimeEmile Billard1930Voile
33%
76 Seine-MaritimePaul Perquer1914Voile
33%
76 Seine-MaritimeJean Lesieur1943Voile
33%
44 Loire-AtlantiqueDonatien Bouché1965Voile
33%
44 Loire-AtlantiqueAmédée Thubé1941Voile
33%
75 ParisJacques Lebrun1996Voile
33%
75 ParisGeorges Rigal1974Water-polo
33%
59 NordPaul Dujardin1959Water-polo
33%
59 NordHenri Padou1981Water-polo
33%
75 ParisAlbert Mayaud1987Water-polo
33%
59 NordNoël Delberghe1965Water-polo
33%
59 NordAlbert Deborgies1984Water-polo
33%
59 NordRobert Desmettre1936Water-polo
33%
67 Bas-RhinChrétien Waydelich1917Croquet
17%
VietnamGaston Aumoitte1957Croquet
17%
75 ParisGeorges Johin1955Croquet
17%
Royaume-UniÉmile Thubron1927Motonautisme
0%
89 YonneLéon Binoche1962Rugby à XV
0%
39 JuraVictor Lardanchet1936Rugby à XV
0%
75 ParisHubert Lefèbvre1937Rugby à XV
0%
75 ParisJoseph Olivier1901Rugby à XV
0%
45 LoiretAuguste Giroux1953Rugby à XV
0%
75 ParisAndré Rischmann1955Rugby à XV
0%
HaïtiConstantin Henriquez1942Rugby à XV
0%
75 ParisÉmile Sarrade1953Rugby à XV
0%
75 ParisAlexandre Pharamond1953Rugby à XV
0%
75 ParisCharles Gondouin1947Rugby à XV
0%
75 ParisAlbert Roosevelt1962Rugby à XV
0%
16 CharenteJean-Guy Gautier1938Rugby à XV
0%
75 ParisAbel Albert1919Rugby à XV
0%
75 ParisFrantz Reichel1932Rugby à XV
0%
75 ParisWladimir Aïtoff1963Rugby à XV
0%
75 ParisJean Hervé1966Rugby à XV
0%
75 ParisJean Collas1928Rugby à XV
0%

Distribution des résultats

Percentile par nombre de réponses

% des personnes avec chaque résultat

Votre développement - résultats

Vous n’avez pas pris ce quiz